| 000 | 00629nam a2200241 a 4500 | ||
|---|---|---|---|
| 001 | nice12345678 | ||
| 003 | IN_TiNIC | ||
| 005 | 20260116013628.0 | ||
| 008 | 050524s1985 dela grp 000 0 eng | ||
| 020 |
_a _c30 |
||
| 082 | 0 | 0 |
_a340.59 _bMUS1 |
| 100 | _aMuslehuddin, Mohammad | ||
| 245 | _aPhilosophy of Islamic Law and the Orientalists | ||
| 260 |
_aDelhi _bMarkazi Maktaba Jamat-E-Islami _c1985 |
||
| 300 | _a302 p | ||
| 500 | _aincludes index and biblioraphy | ||
| 505 | 2 | _aIndex, Bibliography | |
| 650 | _aIslamic-Law | ||
| 700 | 1 | _aMuslehuddin, Mohammad | |
| 902 | _bSRS | ||
| 942 | _cBK | ||
| 999 |
_c11721 _d11721 |
||